000 00648nam a2200229Ia 4500
003 OSt
005 20250918180037.0
008 210423s2011 xx 000 0 und d
040 _cAL
041 _aEnglish
082 _a305.4
_bLUKI
100 _aBerin Lukas
_9120584
245 _aInvisible servilute
_b: a study of domestic workers in Bangalore
260 _aBangalore
_bDepartment of Sociology
_c2011
365 _b200
_cINR
650 _aSociology
_9120585
650 _aWomen Studies
_9120586
700 _aBandyopadhyay, Suchitra
_9239457
700 _aSaripalli. Gargi
_9239458
906 _aInvisible ; servilute
942 _2ddc
_cBK
999 _c175883
_d175883